| 000 | 00000nam##2200000za#4500 |
| 001 | 9.647317 |
| 003 | CaOODSP |
| 005 | 20210615112616 |
| 007 | ta |
| 008 | 150407|2001||||xxc||||| f|0| 0 eng|d |
| 020 | |a0-662-27779-1 |
| 040 | |aCaOODSP|beng |
| 043 | |an-cn--- |
| 086 | 1 |aH39-473/2001E |
| 110 | 1 |aCanada.|bHealth Canada. |bPopulation and Public Health Branch. |
| 245 | 10|aSystematic review of the relationship between childhood injury and socio-economic status / |cby Morag MacKay et al. |
| 250 | |a1999 edition. |
| 260 | |aOttawa - Ontario : |bHealth Canada. |c2001. |
| 300 | |aiv, 39p. : |breferences ; |c28 cm. |
| 500 | |a"Unintentional injuries are the leading cause of death in children and adolescents in Canada and a major cause of morbidity. Evidence has shown that these injuries are not "accidents" we tend to dismiss as unlucky or unfortunate, but predictable events that are frequently preventable."--Executive Summary. |
| 520 | 3 |aUnintentional injuries are the leading cause of death in children and adolescents in Canada and a major cause of morbidity. Evidence has shown that these injuries are not accidents we tend to dismiss as unlucky or unfortunate, but predictable events that are frequently preventable.--Executive Summary |
| 563 | |aSpiral binding |
| 590 | |a01-22|b2001-06-01 |
| 690 | 07|aInjuries|2gcpds |
| 690 | 07|aChildren|2gcpds |
| 690 | 07|aAccident prevention|2gcpds |
| 720 | 1 |aMacKay, Morag |
| 775 | 08|tExamen systématique du lien entre les blessures chez les enfants et le statut socio-économique / |w(CaOODSP)9.680743 |
| 776 | 0#|tSystematic review of the relationship between childhood injury and socio-economic status / |w(CaOODSP)9.696366 |